Effect of super ivomec on gastro intestinal parasite in cattle in angsnoul district, kandal province, ប្រសិទ្ធភាពSUPER IVOMEC លើវត្តមានបរាសិត​ក្នុងក្រពះពោះវៀនគោ នៅក្នុងស្រុកអង្គស្នួល ខេត្តកណ្ដាល (Record no. 8154)

000 -LEADER
fixed length control field 00725nam a22001337a 4500
040 ## - CATALOGING SOURCE
Transcribing agency RUA
082 ## - DEWEY DECIMAL CLASSIFICATION NUMBER
Classification number VEM CHE 2015 B481 Or.1
100 ## - MAIN ENTRY--AUTHOR NAME
Personal name CHEA VANNAK; ជា វណ្ណៈ
245 ## - TITLE STATEMENT
Title Effect of super ivomec on gastro intestinal parasite in cattle in angsnoul district, kandal province, ប្រសិទ្ធភាពSUPER IVOMEC លើវត្តមានបរាសិត​ក្នុងក្រពះពោះវៀនគោ នៅក្នុងស្រុកអង្គស្នួល ខេត្តកណ្ដាល
260 ## - PUBLICATION, DISTRIBUTION, ETC. (IMPRINT)
Place of publication Phnom Penh
Name of publisher RUA
Year of publication 2015
300 ## - PHYSICAL DESCRIPTION
Number of Pages xii,55p.
Other physical details ill.
Dimensions 29cm.
856 ## - ELECTRONIC LOCATION AND ACCESS
Uniform Resource Identifier https://drive.google.com/file/d/14t3ZZk86aIpS3na1Fjus7f8bmjIbKKfF/view?usp=sharing
942 ## - ADDED ENTRY ELEMENTS (KOHA)
Koha item type VEM
952 ## - LOCATION AND ITEM INFORMATION (KOHA)
Withdrawn status [LOCAL, KOHA] 0
952 ## - LOCATION AND ITEM INFORMATION (KOHA)
Withdrawn status [LOCAL, KOHA] 0
952 ## - LOCATION AND ITEM INFORMATION (KOHA)
Withdrawn status [LOCAL, KOHA] 0
952 ## - LOCATION AND ITEM INFORMATION (KOHA)
Withdrawn status [LOCAL, KOHA] 0
952 ## - LOCATION AND ITEM INFORMATION (KOHA)
Withdrawn status [LOCAL, KOHA] 0
952 ## - LOCATION AND ITEM INFORMATION (KOHA)
Withdrawn status [LOCAL, KOHA] 0
952 ## - LOCATION AND ITEM INFORMATION (KOHA)
Withdrawn status [LOCAL, KOHA] 0
952 ## - LOCATION AND ITEM INFORMATION (KOHA)
Withdrawn status [LOCAL, KOHA] 0
Holdings
Permanent Location Date acquired Koha item type Lost status Shelving location Barcode Current Location Full call number
Library Block B2016-06-29VEM B481RUA057149Library Block BVEM CHE 2015 B481 Or.1
Library Block B2016-06-29VEM B481RUA058161Library Block BVEM CHE 2015 B481 Or.2
Library Block B2016-06-29VEM B481RUA057027Library Block BVEM CHE 2015 B481 Or.3
Library Block B2016-06-29VEM B481RUA057332Library Block BVEM CHE 2015 B481 Or.4
Library Block B2016-06-29VEM B481RUA057672Library Block BVEM CHE 2015 B481 Or.5
Library Block B2016-06-29VEM B481RUA058771Library Block BVEM CHE 2015 B481 Or.6
Library Block B2016-06-29VEM B481RUA057919Library Block BVEM CHE 2015 B481 Or.7
Library Block B2016-06-29VEM B481RUA057979Library Block BVEM CHE 2015 B481 Or.8
មជ្ឈមណ្ឌលឯការនៃសាកលវិទ្យាល័យភូមិន្ទកសិកម្មចំការដូង

Powered by Koha